Využitie kreativnych manažérskych nástrojov v rozhodovacom procese podniku bakalárska práca

Saved in:
Bibliographic Details
Main Author: Štolc, Tomáš
Corporate Author: Fakulta podnikového manažmentu EU. Katedra manažmentu
Other Authors: Jankelová, Nadežda, 1966-
Format: Book
Language:Slovak
Published: Bratislava 2015
Tags: Add Tag
No Tags, Be the first to tag this record!

MARC

LEADER 00000nbm a2200000 4500
001 0202842
005 20161212101519.1
041 0 |a slo 
044 |a SK 
245 1 0 |a Využitie kreativnych manažérskych nástrojov v rozhodovacom procese podniku  |b bakalárska práca  |c Tomáš Štolc ; školiteľ: Nadežda Jankelová 
264 1 |a Bratislava  |c 2015 
300 |a 44 s. 
100 1 |a Štolc, Tomáš 
700 1 |a Jankelová, Nadežda, 1966- 
710 2 |a Fakulta podnikového manažmentu EU. Katedra manažmentu